000 00575nam a22001697a 4500
082 _a891.4391
_bAHM
100 _aAhmed, Ishtiaq
245 _aJadeed Elamat Nigari/
_cIshtiaq Ahmed,
260 _aLahore ;
_b(Kitab Saraye,
_c2018.
300 _a372p, :
_c28cm.
563 _aHB
650 _aSymbolism in literature—Urdu literature
_9129642
880 _6100-01\(3\r
_aاشتیاق احمد,
880 _6245-02\(3\r
_aجدید علامت نگاری
_bاشتیاق احمد,
880 _6260-03\(3\r
_aلاہور ؛
_bکتاب سرائے,
_c2018.
942 _2ddc
_cBK
999 _c614237
_d614237